MARC details
| 000 -LEADER |
| fixed length control field |
02669cam a2200553 i 4500 |
| 001 - CONTROL NUMBER |
| control field |
19965475 |
| 003 - CONTROL NUMBER IDENTIFIER |
| control field |
OSt |
| 005 - DATE AND TIME OF LATEST TRANSACTION |
| control field |
20260429150814.0 |
| 008 - FIXED-LENGTH DATA ELEMENTS--GENERAL INFORMATION |
| fixed length control field |
170826s2014 th a b 101 0deng d |
| 010 ## - LIBRARY OF CONGRESS CONTROL NUMBER |
| LC control number |
2017355395 |
| 020 ## - INTERNATIONAL STANDARD BOOK NUMBER |
| International Standard Book Number |
9786169110866 |
| 035 ## - SYSTEM CONTROL NUMBER |
| System control number |
19965475 |
| 035 ## - SYSTEM CONTROL NUMBER |
| System control number |
(OCoLC)906205920 |
| 040 ## - CATALOGING SOURCE |
| Original cataloging agency |
EYM |
| Language of cataloging |
eng |
| Transcribing agency |
Foundation University |
| 041 0# - LANGUAGE CODE |
| Language code of text/sound track or separate title |
eng |
| -- |
tha |
| 042 ## - AUTHENTICATION CODE |
| Authentication code |
lccopycat |
| -- |
lcode |
| 043 ## - GEOGRAPHIC AREA CODE |
| Geographic area code |
as----- |
| 050 00 - LIBRARY OF CONGRESS CALL NUMBER |
| Classification number |
N 7311 |
| Item number |
.C65 2014 |
| 245 00 - TITLE STATEMENT |
| Title |
Concept, context, contestation : |
| Remainder of title |
art and the collective in Southeast Asia, 13 December 2013-16 March 2014, 8th floor, Bangkok Art and Culture Centre / |
| Statement of responsibility, etc. |
guest curators, Iola Lenzi (Singapore), Agung Hujatnikajennong (Indonesia), Vipash Purichanont (Thailand) ; editor, Iola Lenzi. |
| 264 #1 - PRODUCTION, PUBLICATION, DISTRIBUTION, MANUFACTURE, AND COPYRIGHT NOTICE |
| Place of production, publication, distribution, manufacture |
[Bangkok] : |
| Name of producer, publisher, distributor, manufacturer |
Mūnnithi Hō̜ Sinlapa Watthanatham hǣng Krung Thēp Mahā Nakhō̜n, |
| Date of production, publication, distribution, manufacture, copy right date |
2557 [2014] |
| Copyright Date |
2014 |
| 300 ## - PHYSICAL DESCRIPTION |
| Extent |
239 pages : |
| Other physical details |
illustrations (chiefly color) ; |
| Dimensions |
31 cm |
| Materials specified |
books |
| Type of unit |
books |
| 336 ## - CONTENT TYPE |
| Content type term |
text |
| Content type code |
txt |
| Source |
rdacontent |
| Materials specified |
books |
| 337 ## - MEDIA TYPE |
| Media type term |
unmediated |
| Media type code |
n |
| Source |
rdamedia |
| Materials specified |
books |
| 338 ## - CARRIER TYPE |
| Carrier type term |
volume |
| Carrier type code |
nc |
| Source |
rdacarrier |
| Materials specified |
books |
| 504 ## - BIBLIOGRAPHY, ETC. NOTE |
| Bibliography, etc. note |
Includes bibliographical references and index. |
| 546 ## - LANGUAGE NOTE |
| Language note |
English and Thai. |
| 648 #7 - SUBJECT ADDED ENTRY--CHRONOLOGICAL TERM |
| Chronological term |
2000-2099 |
| Source of heading or term |
fast |
| 9 (RLIN) |
6424 |
| 650 #0 - SUBJECT ADDED ENTRY--TOPICAL TERM |
| Topical term or geographic name entry element |
Art, Southeast Asian |
| Chronological subdivision |
21st century |
| Form subdivision |
Exhibitions. |
| 9 (RLIN) |
14833 |
| 650 #0 - SUBJECT ADDED ENTRY--TOPICAL TERM |
| Topical term or geographic name entry element |
Art, Modern |
| Chronological subdivision |
21st century |
| Form subdivision |
Exhibitions. |
| 9 (RLIN) |
12689 |
| 650 #0 - SUBJECT ADDED ENTRY--TOPICAL TERM |
| Topical term or geographic name entry element |
Art and society |
| Geographic subdivision |
Southeast Asia |
| Form subdivision |
Exhibitions. |
| 9 (RLIN) |
15689 |
| 650 #0 - SUBJECT ADDED ENTRY--TOPICAL TERM |
| Topical term or geographic name entry element |
Artists |
| Geographic subdivision |
Southeast Asia |
| General subdivision |
Biography. |
| 9 (RLIN) |
15690 |
| 650 #7 - SUBJECT ADDED ENTRY--TOPICAL TERM |
| Topical term or geographic name entry element |
Art and society. |
| Source of heading or term |
fast |
| Authority record control number or standard number |
(OCoLC)fst00815432 |
| 9 (RLIN) |
12701 |
| 650 #7 - SUBJECT ADDED ENTRY--TOPICAL TERM |
| Topical term or geographic name entry element |
Art, Modern. |
| Source of heading or term |
fast |
| Authority record control number or standard number |
(OCoLC)fst00816615 |
| 9 (RLIN) |
13050 |
| 650 #7 - SUBJECT ADDED ENTRY--TOPICAL TERM |
| Topical term or geographic name entry element |
Art, Southeast Asian. |
| Source of heading or term |
fast |
| Authority record control number or standard number |
(OCoLC)fst00816896 |
| 9 (RLIN) |
15691 |
| 650 #7 - SUBJECT ADDED ENTRY--TOPICAL TERM |
| Topical term or geographic name entry element |
Artists. |
| Source of heading or term |
fast |
| Authority record control number or standard number |
(OCoLC)fst00817559 |
| 9 (RLIN) |
14020 |
| 651 #7 - SUBJECT ADDED ENTRY--GEOGRAPHIC NAME |
| Geographic name |
Southeast Asia. |
| Source of heading or term |
fast |
| Authority record control number or standard number |
(OCoLC)fst01240499 |
| 9 (RLIN) |
13656 |
| 655 #7 - INDEX TERM--GENRE/FORM |
| Genre/form data or focus term |
Biography. |
| Source of term |
fast |
| Authority record control number or standard number |
(OCoLC)fst01423686 |
| 9 (RLIN) |
13277 |
| 655 #7 - INDEX TERM--GENRE/FORM |
| Genre/form data or focus term |
Exhibition catalogs. |
| Source of term |
fast |
| Authority record control number or standard number |
(OCoLC)fst01424028 |
| 9 (RLIN) |
12632 |
| 655 #7 - INDEX TERM--GENRE/FORM |
| Genre/form data or focus term |
Exhibition catalogs. |
| Source of term |
lcgft |
| Authority record control number or standard number |
https://id.loc.gov/authorities/genreForms/gf2014026098 |
| 9 (RLIN) |
12632 |
| 700 1# - ADDED ENTRY--PERSONAL NAME |
| Personal name |
Lenzi, Iola, |
| Relator term |
curator, |
| -- |
editor. |
| 9 (RLIN) |
15692 |
| 700 1# - ADDED ENTRY--PERSONAL NAME |
| Personal name |
Hujatnikajennong, Agung, |
| Dates associated with a name |
1976- |
| Relator term |
curator. |
| 9 (RLIN) |
15693 |
| 700 0# - ADDED ENTRY--PERSONAL NAME |
| Personal name |
Wiphāt Phūrichānon, |
| Relator term |
curator. |
| 9 (RLIN) |
15694 |
| 710 2# - ADDED ENTRY--CORPORATE NAME |
| Corporate name or jurisdiction name as entry element |
Bangkok Art and Culture Centre, |
| Relator term |
organizer. |
| 9 (RLIN) |
15695 |
| 710 2# - ADDED ENTRY--CORPORATE NAME |
| Corporate name or jurisdiction name as entry element |
Bangkok Art and Culture Centre Foundation, |
| Relator term |
publisher. |
| 9 (RLIN) |
15696 |
| 906 ## - LOCAL DATA ELEMENT F, LDF (RLIN) |
| a |
7 |
| b |
cbc |
| c |
copycat |
| d |
3 |
| e |
ncip |
| f |
20 |
| g |
y-gencatlg |
| 942 ## - ADDED ENTRY ELEMENTS (KOHA) |
| Source of classification or shelving scheme |
Library of Congress Classification |
| Koha item type |
Books |
| Classification part |
N 7311 |
| Item part |
.2014 C65 |
| Call number prefix |
(DAFA-FA) |